[Event "22nd Hogeschool Zeeland Tournament 2018"]
[Site "Vlissingen"]
[Date "2018.08.09"]
[Round "7.1"]
[White "Wan, Yunguo"]
[Black "Mareco, Sandro"]
[Result "0-1"]
[WhiteElo "2500"]
[BlackElo "2643"]
[PlyCount "104"]
[EventCountry "NED"]

1. e4 g6 2. d4 Bg7 3. c4 d6 4. Nc3 Nf6 5. Nf3 O-O 6. Be2 e5 7. O-O Na6 8. Re1
Qe8 9. Bf1 Bg4 10. d5 Nb4 11. Be2 a5 12. Rb1 Na6 13. Bf1 Nc5 14. b3 Qe7 15. a3
a4 16. b4 Nb3 17. h3 Bd7 18. Be3 Ne8 19. Nb5 f5 20. c5 f4 21. cxd6 cxd6 22. Bb6
Ra6 23. Ba5 g5 24. Nd2 Nxa5 25. bxa5 Rxa5 26. Nc3 Ra7 27. Nc4 f3 28. gxf3 h5
29. Nb6 Nf6 30. Nxd7 Qxd7 31. Nb5 Raa8 32. Rc1 Rac8 33. Qxa4 g4 34. Qb4 Rxc1
35. Rxc1 Ne8 36. fxg4 Bh6 37. Rc2 hxg4 38. Qc3 Kh8 39. Qc8 Qh7 40. Qe6 g3 41.
Bg2 gxf2+ 42. Kf1 Be3 43. Rc8 Qg7 44. Qg4 Qh6 45. h4 Rg8 46. Qf5 Rf8 47. Qg4
Rg8 48. Qf5 Bc5 49. Rxc5 dxc5 50. Qxe5+ Nf6 51. Qc3 Rxg2 52. Nd6 Qf4 0-1

[Event "22nd Hogeschool Zeeland Tournament 2018"]
[Site "Vlissingen"]
[Date "2018.08.09"]
[Round "7.2"]
[White "Iturrizaga Bonelli, Eduard"]
[Black "Warmerdam, Max"]
[Result "1-0"]
[WhiteElo "2640"]
[BlackElo "2421"]
[PlyCount "81"]
[EventCountry "NED"]

1. c4 Nf6 2. g3 g6 3. Bg2 Bg7 4. Nc3 O-O 5. d4 c5 6. Nf3 cxd4 7. Nxd4 Qc7 8.
Qd3 Nc6 9. O-O Ne5 10. Qe3 a6 11. b3 d6 12. Bb2 Bd7 13. Rac1 Rfe8 14. Nd5 Nxd5
15. cxd5 Qb6 16. h3 Rec8 17. Rb1 Be8 18. Rfd1 Qd8 19. f4 Nd7 20. g4 Rc5 21. Bf3
Nb6 22. Qd2 a5 23. Ba3 Rcc8 24. h4 a4 25. Bb4 axb3 26. axb3 Nd7 27. h5 Qb6 28.
Kg2 Nc5 29. hxg6 hxg6 30. f5 g5 31. Bc3 Nd7 32. Ra1 Rxa1 33. Bxa1 Bf6 34. Rh1
Ne5 35. Rh5 Nxf3 36. exf3 Qc5 37. Nc6 Bxc6 38. Qxg5+ Kf8 39. Bxf6 Ke8 40. Qg8+
Kd7 41. dxc6+ 1-0

[Event "22nd Hogeschool Zeeland Tournament 2018"]
[Site "Vlissingen"]
[Date "2018.08.09"]
[Round "7.3"]
[White "Gonzales, Jayson"]
[Black "Van Foreest, Jorden"]
[Result "1-0"]
[WhiteElo "2383"]
[BlackElo "2636"]
[PlyCount "79"]
[EventCountry "NED"]

1. Nf3 d5 2. c4 c6 3. g3 Bg4 4. Bg2 Nd7 5. cxd5 cxd5 6. O-O e6 7. Nc3 Ne7 8. d3
Nc6 9. h3 Bh5 10. e4 Bxf3 11. Bxf3 dxe4 12. dxe4 Bc5 13. Bf4 O-O 14. Bg2 Nde5
15. Qh5 g6 16. Qh6 f6 17. Rad1 Qe7 18. Bxe5 fxe5 19. h4 Rf6 20. Rd2 Raf8 21.
Nd1 Nd4 22. Kh1 Qf7 23. Ne3 Qc7 24. Ng4 R6f7 25. Qg5 Bb4 26. Rd3 Bd6 27. Nh6+
Kg7 28. Nxf7 Rxf7 29. h5 Be7 30. h6+ Kg8 31. Qd2 Bf8 32. Rc1 Qd8 33. Bh3 Qf6
34. Kg2 g5 35. Bg4 Bxh6 36. Rc8+ Bf8 37. Bh5 Re7 38. Qd1 Kg7 39. b4 Rd7 40. Rf3
1-0

[Event "22nd Hogeschool Zeeland Tournament 2018"]
[Site "Vlissingen"]
[Date "2018.08.09"]
[Round "7.4"]
[White "Ikonnikov, Vyacheslav"]
[Black "Grooten, Herman"]
[Result "1-0"]
[WhiteElo "2546"]
[BlackElo "2374"]
[PlyCount "167"]
[EventCountry "NED"]

1. d4 Nf6 2. Nf3 e6 3. c4 b6 4. g3 Ba6 5. b3 Bb4+ 6. Bd2 Be7 7. Nc3 d5 8. cxd5
exd5 9. Bg2 O-O 10. O-O Bb7 11. Qc2 Na6 12. Bf4 Qc8 13. a3 c5 14. Qb2 Rd8 15.
Rac1 Qe6 16. Ng5 Qd7 17. Bh3 Qe8 18. Nf3 Ne4 19. Rfd1 Bf6 20. b4 Bc8 21. Bg2
Bf5 22. Be5 Bxe5 23. Nxe5 f6 24. Nf3 Nxc3 25. Rxc3 Qa4 26. Ra1 c4 27. Nh4 Be6
28. e4 Qd7 29. exd5 Bxd5 30. b5 Nc7 31. a4 Rac8 32. Rac1 Ne8 33. Qc2 Bxg2 34.
Nxg2 Qxd4 35. Nf4 Qd2 36. Rxc4 Qxc2 37. R1xc2 Rxc4 38. Rxc4 g5 39. Ne2 Rd2 40.
Kf1 Ra2 41. Rd4 Kf8 42. Nc3 Rc2 43. Nd5 Ra2 44. Ke1 Kf7 45. Re4 Kf8 46. h4 h6
47. h5 f5 48. Re6 Rxa4 49. Rxh6 Re4+ 50. Kf1 Re5 51. Nc3 Rc5 52. Rc6 Rxc6 53.
bxc6 Nc7 54. Ke2 Kg7 55. f3 g4 56. f4 b5 57. Kd3 a5 58. Kd4 a4 59. Kc5 a3 60.
Na2 Kh6 61. Kd6 Na8 62. c7 Nb6 63. Kc6 Nc8 64. Kd7 Nb6+ 65. Kd8 Kxh5 66. c8=Q
Nxc8 67. Kxc8 Kg6 68. Kd7 Kf7 69. Kd6 Kf6 70. Kd5 Ke7 71. Ke5 Kd7 72. Kxf5 Kd6
73. Kxg4 Kc5 74. f5 Kc4 75. f6 Kb3 76. f7 Kxa2 77. f8=Q Kb3 78. Qf3+ Kb2 79.
Qe2+ Ka1 80. Qd1+ Kb2 81. Qd2+ Kb3 82. Qd5+ Ka4 83. Kf4 b4 84. Ke4 1-0

[Event "22nd Hogeschool Zeeland Tournament 2018"]
[Site "Vlissingen"]
[Date "2018.08.09"]
[Round "7.5"]
[White "Miciano, John Marvin"]
[Black "Pruijssers, Roeland"]
[Result "0-1"]
[WhiteElo "2381"]
[BlackElo "2506"]
[PlyCount "106"]
[EventCountry "NED"]

1. g3 d5 2. Bg2 Nf6 3. Nf3 e6 4. O-O Be7 5. d3 O-O 6. Nbd2 c5 7. e4 Nc6 8. Re1
b5 9. a4 b4 10. exd5 Nxd5 11. Nb3 Qc7 12. Qe2 Rd8 13. Bg5 Bb7 14. Bxe7 Qxe7 15.
Qe4 Rac8 16. a5 Ba8 17. Rac1 Qf6 18. Rb1 Nce7 19. Qc4 Nf5 20. Nfd2 Nd4 21. Nxc5
e5 22. Rbc1 Qh6 23. Ndb3 Nf4 24. Bxa8 Nfe2+ 25. Kg2 Nxc1 26. Bb7 Ncxb3 27. cxb3
Rc7 28. Rxe5 Qd6 29. Rd5 Qe7 30. Rxd4 Rxd4 31. Qxd4 Rxc5 32. Qxb4 Rc7 33. Qxe7
Rxe7 34. a6 Rd7 35. Be4 Rd6 36. b4 Rxa6 37. Bd5 Rb6 38. Kf3 Rxb4 39. b3 Kf8 40.
Bc4 Ke7 41. h4 Rb7 42. d4 Kd6 43. Ke3 Re7+ 44. Kd2 h5 45. f3 g6 46. Kd3 f6 47.
Kd2 g5 48. Kd3 gxh4 49. gxh4 f5 50. b4 f4 51. Kd2 Re3 52. Bf7 Rxf3 53. Bxh5 Rb3
0-1

[Event "22nd Hogeschool Zeeland Tournament 2018"]
[Site "Vlissingen"]
[Date "2018.08.09"]
[Round "7.6"]
[White "Rijnaarts, Sjef"]
[Black "Romanishin, Oleg M"]
[Result "1/2-1/2"]
[WhiteElo "2339"]
[BlackElo "2441"]
[PlyCount "126"]
[EventCountry "NED"]

1. e4 e5 2. Nf3 Nc6 3. Bb5 a6 4. Ba4 Nf6 5. O-O Be7 6. Re1 d6 7. c3 Bg4 8. d3
O-O 9. h3 Bh5 10. Nbd2 Nd7 11. Nf1 Nc5 12. Bc2 Ne6 13. Ng3 Bg6 14. a3 a5 15.
Bb3 Nc5 16. Ba2 a4 17. d4 Nd7 18. d5 Ncb8 19. Be3 Nb6 20. Bb1 Nc4 21. Bc1 Nd7
22. Bd3 Ndb6 23. Qe2 Na5 24. Be3 c6 25. dxc6 bxc6 26. Rad1 Rb8 27. Nh2 Bg5 28.
Ng4 h5 29. Bxg5 Qxg5 30. Ne3 h4 31. Ngf5 Bh5 32. f3 d5 33. Qf2 dxe4 34. Bxe4
Nbc4 35. Nxc4 Nxc4 36. Re2 Bg6 37. Nxh4 Bxe4 38. fxe4 Nxb2 39. Rxb2 Rxb2 40.
Qxb2 Qxh4 41. Qc2 Qe7 42. Qxa4 Qc5+ 43. Kh2 Qxc3 44. Qa6 Qc2 45. Qd3 Qxd3 46.
Rxd3 Ra8 47. Rc3 Ra4 48. Rxc6 Rxa3 49. Rc5 f6 50. Rc4 Kf7 51. g3 Ra2+ 52. Kg1
Kg6 53. Rc3 Kg5 54. Re3 g6 55. Kh1 Ra5 56. Kg2 f5 57. Kf3 Rb5 58. Ra3 Rb4 59.
exf5 e4+ 60. Kf2 gxf5 61. Ke3 Rb2 62. Ra8 Rb3+ 63. Kf2 Rb2+ 1/2-1/2

[Event "22nd Hogeschool Zeeland Tournament 2018"]
[Site "Vlissingen"]
[Date "2018.08.09"]
[Round "7.7"]
[White "Zeng, Chongsheng"]
[Black "Mehar, Chinna Reddy C.H"]
[Result "1-0"]
[WhiteElo "2539"]
[BlackElo "2345"]
[PlyCount "62"]
[EventCountry "NED"]

1. d4 d5 2. c4 c6 3. Nc3 Nf6 4. Nf3 e6 5. Bg5 Nbd7 6. e3 Qa5 7. cxd5 exd5 8.
Nd2 Bd6 9. Bd3 O-O 10. Qc2 Re8 11. O-O-O b5 12. Kb1 Bb7 13. g4 b4 14. Nb3 Qc7
15. Na4 h6 16. Bxf6 Nxf6 17. Rdg1 Ne4 18. h4 Qe7 19. g5 hxg5 20. hxg5 g6 21. f4
Qe6 22. Qh2 Kf8 23. Nac5 Bxc5 24. dxc5 Ke7 25. f5 gxf5 26. Nd4 Qd7 27. Bxe4
fxe4 28. g6 Kd8 29. g7 Rg8 30. Qf4 Qe7 31. Rh6 Ke8 1-0

[Event "22nd Hogeschool Zeeland Tournament 2018"]
[Site "Vlissingen"]
[Date "2018.08.09"]
[Round "7.8"]
[White "Hausrath, Daniel"]
[Black "Rajesh, V.A.V."]
[Result "1-0"]
[WhiteElo "2502"]
[BlackElo "2325"]
[PlyCount "63"]
[EventCountry "NED"]

1. Nf3 Nf6 2. g3 g6 3. b3 Bg7 4. Bb2 O-O 5. Bg2 d5 6. c4 c5 7. cxd5 Nxd5 8.
Bxg7 Kxg7 9. Qc1 Na6 10. O-O Qd6 11. Nc3 Rd8 12. Rd1 e5 13. e3 f6 14. Nxd5 Qxd5
15. d4 cxd4 16. exd4 e4 17. Nd2 f5 18. Nc4 Bd7 19. Qg5 Re8 20. Rac1 Rad8 21.
Bf1 h6 22. Qf4 Nb4 23. Ne3 Qf7 24. Rc7 Nxa2 25. Bc4 Qf6 26. Nd5 Qf8 27. Qd2 b5
28. Bxb5 Qd6 29. Rxd7+ Rxd7 30. Bxd7 Qxd7 31. Ne3 f4 32. gxf4 1-0

[Event "22nd Hogeschool Zeeland Tournament 2018"]
[Site "Vlissingen"]
[Date "2018.08.09"]
[Round "7.10"]
[White "Vrolijk, Liam"]
[Black "Lammens, Tim"]
[Result "1-0"]
[WhiteElo "2430"]
[BlackElo "2293"]
[PlyCount "91"]
[EventCountry "NED"]

1. Nf3 g6 2. d4 Bg7 3. c4 c5 4. e4 d6 5. d5 e6 6. Be2 Ne7 7. O-O O-O 8. Nc3 a6
9. a4 h6 10. a5 exd5 11. cxd5 Bg4 12. Nd2 Bxe2 13. Qxe2 Nd7 14. Nc4 b5 15. axb6
Nxb6 16. Bf4 Nxc4 17. Qxc4 g5 18. Bg3 f5 19. exf5 Nxf5 20. Rxa6 Rxa6 21. Qxa6
Qe7 22. Qd3 Bd4 23. Nb5 Nxg3 24. hxg3 Be5 25. Qg6+ Qg7 26. Qe6+ Kh8 27. Nxd6
Bxb2 28. Ne8 Qe5 29. Qxh6+ Kg8 30. Qg6+ Kh8 31. Qh6+ Kg8 32. Qg6+ Kh8 33. Nd6
Qxd5 34. Ne4 Qf5 35. Qh6+ Kg8 36. Nxg5 c4 37. g4 Rf6 38. Qh4 Qd3 39. Re1 Rf8
40. Ne6 Rf7 41. Qg5+ Kh7 42. Nd8 Rd7 43. Qh5+ Kg7 44. Ne6+ Kf6 45. g5+ Kf5 46.
g4# 1-0

[Event "22nd Hogeschool Zeeland Tournament 2018"]
[Site "Vlissingen"]
[Date "2018.08.09"]
[Round "7.11"]
[White "Viani Antonio Dcunha"]
[Black "Peek, Marcel"]
[Result "1-0"]
[WhiteElo "2414"]
[BlackElo "2290"]
[PlyCount "82"]
[EventCountry "NED"]

1. e4 c5 2. Nf3 Nc6 3. c3 d5 4. exd5 Qxd5 5. d4 Bf5 6. dxc5 Qxd1+ 7. Kxd1
O-O-O+ 8. Nbd2 e5 9. b4 Be7 10. Bb2 Bf6 11. a3 e4 12. Nd4 Nxd4 13. cxd4 Bxd4
14. Bxd4 Rxd4 15. Kc1 Be6 16. Rb1 f5 17. Nb3 Bxb3 18. Rxb3 Nf6 19. Be2 Kc7 20.
Rd1 Rxd1+ 21. Kxd1 g5 22. Bc4 Ng4 23. Ke2 Ne5 24. Rc3 Re8 25. b5 b6 26. c6 a6
27. bxa6 Nxc4 28. Rxc4 Ra8 29. a4 Rxa6 30. Ke3 Ra5 31. Kd4 b5 32. axb5 Rxb5 33.
Rc5 Rb4+ 34. Kc3 Rb6 35. Rxf5 Rxc6+ 36. Kd4 Rg6 37. Rf7+ Kd6 38. Rxh7 Rf6 39.
Ke3 Rf5 40. Ra7 Re5 41. Ra4 Kd5 1-0

[Event "22nd Hogeschool Zeeland Tournament 2018"]
[Site "Vlissingen"]
[Date "2018.08.09"]
[Round "7.14"]
[White "Shyaamnikhil P"]
[Black "Coenen, Eduard"]
[Result "1-0"]
[WhiteElo "2389"]
[BlackElo "2118"]
[PlyCount "83"]
[EventCountry "NED"]

1. e4 g6 2. d4 Bg7 3. Nf3 d6 4. Bc4 e6 5. Qe2 Ne7 6. c3 a6 7. Bd3 c5 8. dxc5
dxc5 9. a4 Nbc6 10. Nbd2 O-O 11. Nc4 Na5 12. Bf4 Nxc4 13. Bxc4 Qa5 14. O-O Rd8
15. Ne5 Bd7 16. Qf3 Nc6 17. Nxf7 Rf8 18. Ng5 h6 19. Bxe6+ Bxe6 20. Nxe6 g5 21.
Bc7 Rxf3 22. Bxa5 Rf7 23. Bb6 c4 24. Rad1 Re8 25. Nxg7 Kxg7 26. f3 Re6 27. Rd5
Kg6 28. Bd4 h5 29. Rc5 Rd7 30. Rxc4 b5 31. axb5 axb5 32. Rc5 Nxd4 33. cxd4 Rxd4
34. Rxb5 Rd2 35. Rf2 Rd1+ 36. Rf1 Rd2 37. Rc1 h4 38. h3 Red6 39. Rcc5 Rd1+ 40.
Kh2 R6d2 41. Rxg5+ Kf6 42. Rbd5 1-0

[Event "22nd Hogeschool Zeeland Tournament 2018"]
[Site "Vlissingen"]
[Date "2018.08.09"]
[Round "7.17"]
[White "Chanda, Sandipan"]
[Black "Elgersma, Onno"]
[Result "1-0"]
[WhiteElo "2553"]
[BlackElo "2171"]
[PlyCount "93"]
[EventCountry "NED"]

1. d4 Nf6 2. c4 e6 3. Nc3 Bb4 4. e3 O-O 5. Bd2 b6 6. Nf3 Bb7 7. Bd3 d6 8. O-O
Nbd7 9. b3 Qe7 10. a3 Bxc3 11. Bxc3 Ne4 12. Bb2 f5 13. Nd2 Nxd2 14. Qxd2 Rf6
15. f3 Re8 16. b4 e5 17. d5 Ref8 18. a4 Qf7 19. a5 f4 20. axb6 axb6 21. Ra7 Rb8
22. exf4 Rxf4 23. Qe2 b5 24. Bc1 bxc4 25. Be4 Nb6 26. Bxf4 exf4 27. Re1 g6 28.
Bb1 Bxd5 29. Qe7 Qxe7 30. Rxe7 Nc8 31. Re8+ Kf7 32. Rh8 Nxa7 33. Rxb8 Nc6 34.
Rb7 Ke7 35. b5 Nd4 36. Rxc7+ Kd8 37. b6 c3 38. Rxh7 Kc8 39. Bxg6 Kb8 40. h4 c2
41. Bxc2 Nxc2 42. h5 Bc4 43. h6 Bd3 44. Rd7 Ne3 45. Rxd6 Bc2 46. Rd7 Nc4 47.
Rc7 1-0

[Event "22nd Hogeschool Zeeland Tournament 2018"]
[Site "Vlissingen"]
[Date "2018.08.09"]
[Round "7.18"]
[White "Henrichs, Thomas"]
[Black "Elgersma, Simon"]
[Result "1-0"]
[WhiteElo "2486"]
[BlackElo "2136"]
[PlyCount "111"]
[EventCountry "NED"]

1. Nf3 Nf6 2. c4 g6 3. Nc3 Bg7 4. e4 d6 5. d4 O-O 6. Be2 e5 7. d5 a5 8. Bg5 h6
9. Be3 Ng4 10. Bd2 f5 11. h3 Nf6 12. exf5 gxf5 13. g3 Na6 14. Be3 Qe8 15. Qd2
Kh7 16. Nh4 Nc5 17. Qc2 Nfe4 18. Nxe4 Nxe4 19. Bd3 Ng5 20. O-O-O e4 21. Be2 Bd7
22. Ng2 Ba4 23. b3 Bd7 24. Nf4 a4 25. b4 a3 26. Bh5 Bb2+ 27. Kb1 Ba4 28. Qxb2
axb2 29. Bxe8 Rfxe8 30. Rdf1 Nf3 31. Kxb2 Ne5 32. Rc1 Bd7 33. Rc3 Ra4 34. a3
Rea8 35. Rhc1 c6 36. Bd4 Nf3 37. Bf6 c5 38. b5 Ng5 39. Re1 Re8 40. h4 Nf7 41.
Kb3 Rea8 42. Ra1 b6 43. Re3 R4a7 44. a4 Re8 45. Bc3 Ne5 46. a5 Rea8 47. axb6
Rxa1 48. Bxa1 Nxc4 49. Kxc4 Rxa1 50. b7 Rc1+ 51. Rc3 Rb1 52. Ra3 Rc1+ 53. Kb3
Rb1+ 54. Kc3 Rxb5 55. Ra7 Rb6 56. Ne6 1-0

[Event "22nd Hogeschool Zeeland Tournament 2018"]
[Site "Vlissingen"]
[Date "2018.08.09"]
[Round "7.19"]
[White "IJzermans, Cees"]
[Black "Admiraal, Miguoel"]
[Result "1/2-1/2"]
[WhiteElo "2142"]
[BlackElo "2479"]
[PlyCount "107"]
[EventCountry "NED"]

1. d4 Nf6 2. c4 e6 3. Nf3 d5 4. Nc3 c6 5. e3 Nbd7 6. Bd3 dxc4 7. Bxc4 b5 8. Be2
Bb7 9. O-O a6 10. Bd2 c5 11. dxc5 Bxc5 12. b4 Bd6 13. a4 bxa4 14. b5 O-O 15.
bxa6 Bxa6 16. Bxa6 Rxa6 17. Rxa4 Rxa4 18. Qxa4 Ne5 19. Nxe5 Bxe5 20. Nb1 Qd3
21. Qd1 Rd8 22. Qc1 h6 23. Ba5 Rb8 24. Rd1 Qf5 25. Rd8+ Rxd8 26. Bxd8 Bxh2+ 27.
Kxh2 Ng4+ 28. Kg3 Qxf2+ 29. Kxg4 Qxg2+ 30. Kf4 Qf2+ 31. Kg4 Qg2+ 32. Kf4 g5+
33. Bxg5 hxg5+ 34. Ke5 Qd5+ 35. Kf6 Qd8+ 36. Ke5 Qd5+ 37. Kf6 Qd8+ 38. Ke5 Kg7
39. Nc3 Qd3 40. e4 Kg6 41. Qe1 g4 42. Nd1 Qf3 43. Kd4 g3 44. Ne3 f6 45. Qd2 Qf4
46. Kd3 f5 47. exf5+ exf5 48. Qg2 Kg5 49. Ke2 Qe5 50. Qc6 Qb2+ 51. Qc2 Qb5+ 52.
Kf3 f4 53. Qe4 fxe3 54. Qxe3+ 1/2-1/2

[Event "22nd Hogeschool Zeeland Tournament 2018"]
[Site "Vlissingen"]
[Date "2018.08.09"]
[Round "7.20"]
[White "Gutkind, Kedem"]
[Black "Haast, Mark"]
[Result "0-1"]
[WhiteElo "2099"]
[BlackElo "2350"]
[PlyCount "124"]
[EventCountry "NED"]

1. e4 c5 2. Nf3 d6 3. d4 cxd4 4. Nxd4 Nf6 5. Nc3 Nc6 6. Bg5 e6 7. Qd2 a6 8.
O-O-O Bd7 9. f3 Be7 10. Nxc6 Bxc6 11. Be3 Qc7 12. g4 h6 13. Bg2 b5 14. Kb1 Nd7
15. Qd4 a5 16. h4 b4 17. Ne2 e5 18. Qd2 Nb6 19. b3 O-O-O 20. c4 Nd7 21. Ng3 Nc5
22. Qf2 Kb7 23. Nf5 Ne6 24. Rd2 h5 25. gxh5 Rxh5 26. Rhd1 g6 27. Nxe7 Qxe7 28.
c5 Qxh4 29. Qe2 Nd4 30. Bxd4 exd4 31. Bf1 dxc5 32. Qa6+ Kc7 33. Qxa5+ Kb8 34.
Qb6+ Bb7 35. Ba6 Rd7 36. Bxb7 Rxb7 37. Qd6+ Ka7 38. Rc1 Qe7 39. Qc6 Rb6 40.
Qa4+ Kb7 41. Rdc2 Qc7 42. Qa5 Rc6 43. Qb5+ Qb6 44. Qd3 Qa6 45. Qd1 Kb6 46. Qxd4
cxd4 47. Rxc6+ Kb5 48. Rxa6 Kxa6 49. Rc6+ Kb5 50. Rf6 d3 51. Kc1 Kc5 52. Kd2
Kd4 53. Rd6+ Ke5 54. Rxd3 Kf4 55. Rd7 Kxf3 56. Kd3 f5 57. Rf7 f4 58. Rg7 g5 59.
e5 g4 60. Kd4 Rh1 61. Kc4 Re1 62. Kxb4 g3 0-1

[Event "22nd Hogeschool Zeeland Tournament 2018"]
[Site "Vlissingen"]
[Date "2018.08.09"]
[Round "7.25"]
[White "De Boer, Eelke"]
[Black "Schouten, Jordy"]
[Result "1-0"]
[WhiteElo "2292"]
[BlackElo "2073"]
[PlyCount "35"]
[EventCountry "NED"]

1. e4 c5 2. Nf3 Nc6 3. d4 cxd4 4. Nxd4 Nf6 5. Nc3 d6 6. Bg5 e6 7. Qd2 a6 8.
O-O-O Bd7 9. f3 Be7 10. g4 Qa5 11. Be3 h6 12. h4 b5 13. Nxc6 Bxc6 14. Kb1 Rc8
15. Rg1 Nd7 16. g5 Ne5 17. Qf2 h5 18. Bb6 1-0

[Event "22nd Hogeschool Zeeland Tournament 2018"]
[Site "Vlissingen"]
[Date "2018.08.09"]
[Round "7.26"]
[White "Verwoert, Jef"]
[Black "Bluhm, Sonja Maria"]
[Result "0-1"]
[WhiteElo "2040"]
[BlackElo "2279"]
[PlyCount "60"]
[EventCountry "NED"]

1. c4 e5 2. g3 Nf6 3. Bg2 d5 4. cxd5 Nxd5 5. Nc3 Nb6 6. Nf3 Nc6 7. O-O Be7 8.
a3 a5 9. d3 O-O 10. Be3 Bg4 11. Na4 Nd5 12. Bc5 Nf6 13. Rc1 Re8 14. Bxe7 Rxe7
15. Nc5 Qc8 16. Re1 Rb8 17. Ng5 Nd4 18. h3 Bh5 19. g4 Bg6 20. Nce4 Nxe4 21.
Nxe4 Bxe4 22. Bxe4 c6 23. e3 Ne6 24. f4 exf4 25. exf4 Qc7 26. Qf3 Qxf4 27. Qxf4
Nxf4 28. Bxh7+ Kf8 29. Rxe7 Kxe7 30. h4 Ne2+ 0-1

[Event "22nd Hogeschool Zeeland Tournament 2018"]
[Site "Vlissingen"]
[Date "2018.08.09"]
[Round "7.27"]
[White "Ojas Kulkarni"]
[Black "Wagenvoorde, Guido"]
[Result "0-1"]
[WhiteElo "2256"]
[BlackElo "2035"]
[PlyCount "78"]
[EventCountry "NED"]

1. Nf3 Nf6 2. b3 g6 3. Bb2 Bg7 4. g3 d6 5. d4 c5 6. Bg2 O-O 7. O-O Nc6 8. c4 a6
9. Nc3 Rb8 10. dxc5 dxc5 11. Qxd8 Rxd8 12. Na4 b6 13. Ne5 Na7 14. Rfd1 Bd7 15.
Nxd7 Nxd7 16. Bh3 Bxb2 17. Nxb2 Nf6 18. Na4 Nc6 19. Rxd8+ Nxd8 20. Rd1 Nc6 21.
Bg2 Nd4 22. e3 Ne6 23. Kf1 b5 24. Nb2 Kf8 25. Ke2 Ne8 26. Rd7 Nd6 27. Kd3 Rb6
28. Bd5 Ke8 29. Bxe6 fxe6 30. Rc7 Nb7 31. Rc8+ Kd7 32. Rh8 h5 33. Rg8 e5 34.
Ke4 Rf6 35. Nd3 Ke6 36. Nc1 Nd6+ 37. Kd3 Kf7 38. Ra8 Rxf2 39. Rxa6 e4+ 0-1

[Event "22nd Hogeschool Zeeland Tournament 2018"]
[Site "Vlissingen"]
[Date "2018.08.09"]
[Round "7.28"]
[White "Gosman, Theo"]
[Black "Van Baar, Esper"]
[Result "0-1"]
[WhiteElo "2030"]
[BlackElo "2241"]
[PlyCount "86"]
[EventCountry "NED"]

1. e4 c5 2. c3 Nf6 3. e5 Nd5 4. d4 cxd4 5. Nf3 e6 6. cxd4 d6 7. a3 Nc6 8. Bc4
Nb6 9. Bd3 Be7 10. O-O dxe5 11. dxe5 O-O 12. Qe2 Nd5 13. Rd1 Qc7 14. Nc3 Nxc3
15. bxc3 b6 16. Bf4 Bb7 17. Nd4 Rfd8 18. Qg4 Nxd4 19. cxd4 Rac8 20. h4 Kh8 21.
Be3 Qd7 22. Qh5 g6 23. Qg4 Qd5 24. f3 Rc3 25. Qf4 Kg8 26. h5 Qb3 27. Rab1 Qxa3
28. Ra1 Qb3 29. Rdb1 Qd5 30. Be4 Qd7 31. Rxa7 g5 32. Qg3 Rxe3 33. Rxb7 Qxd4 34.
Kh2 Rd7 35. R1xb6 h6 36. Rxd7 Qxd7 37. Rb7 Qd8 38. Qf2 Bc5 39. Qb2 Kg7 40. Qb5
g4 41. Kg3 Qg5 42. Rxf7+ Kxf7 43. Bg6+ Kg7 0-1

[Event "22nd Hogeschool Zeeland Tournament 2018"]
[Site "Vlissingen"]
[Date "2018.08.09"]
[Round "7.29"]
[White "Osinga, Angelique"]
[Black "Van den Berg, Bram"]
[Result "1/2-1/2"]
[WhiteElo "1937"]
[BlackElo "2221"]
[PlyCount "28"]
[EventCountry "NED"]

1. e4 g6 2. d4 Bg7 3. Nf3 c5 4. c3 d5 5. dxc5 Nf6 6. exd5 Qxd5 7. Qxd5 Nxd5 8.
Bc4 Nc7 9. Be3 Nc6 10. Nbd2 O-O 11. O-O e5 12. Rac1 a5 13. Rfd1 h6 14. Ne4 Be6
1/2-1/2

[Event "22nd Hogeschool Zeeland Tournament 2018"]
[Site "Vlissingen"]
[Date "2018.08.09"]
[Round "7.30"]
[White "Van Dommelen, Martin"]
[Black "Anusha N L V"]
[Result "1/2-1/2"]
[WhiteElo "2192"]
[BlackElo "1898"]
[PlyCount "131"]
[EventCountry "NED"]

1. e4 c6 2. d4 d5 3. Nd2 dxe4 4. Nxe4 Bf5 5. Ng3 Bg6 6. h4 h6 7. Nf3 Nf6 8. Ne5
Bh7 9. Bd3 Bxd3 10. Qxd3 e6 11. Bd2 Be7 12. O-O-O Nbd7 13. f4 O-O 14. Qf3 Qc7
15. Ne4 Nxe4 16. Qxe4 Rfd8 17. g4 Nxe5 18. dxe5 Qb6 19. g5 h5 20. g6 Qd4 21.
Qg2 Qd5 22. gxf7+ Kxf7 23. Qe2 Qxa2 24. Qxh5+ Kg8 25. c3 Ba3 26. bxa3 Qa1+ 27.
Kc2 Qa2+ 28. Kc1 Qxa3+ 29. Kc2 Qa2+ 30. Kc1 Rxd2 31. Rxd2 Qa1+ 32. Kc2 Qxh1 33.
Qg6 Qxh4 34. Qxe6+ Kh8 35. Rd4 Rf8 36. Qc4 c5 37. Qxc5 Rxf4 38. Qxa7 Rf2+ 39.
Kb3 Qe7 40. Qb8+ Rf8 41. Qd6 Re8 42. Rd5 Qxd6 43. exd6 Kg8 44. Kb4 Kf7 45. Rb5
Ke6 46. Rxb7 Kxd6 47. Rxg7 Re4+ 48. c4 Re1 49. Rg6+ Kc7 50. Kb5 Re5+ 51. c5 Re7
52. Rc6+ Kb7 53. Rb6+ Ka7 54. Kc6 Rh7 55. Rb2 Rh6+ 56. Kb5 Kb7 57. Rg2 Rh7 58.
Ra2 Rh1 59. Rb2 Rg1 60. Rd2 Rb1+ 61. Kc4 Kc6 62. Rd6+ Kc7 63. Rd3 Kc6 64. Rd6+
Kc7 65. Rd3 Kc6 66. Rd6+ 1/2-1/2

[Event "22nd Hogeschool Zeeland Tournament 2018"]
[Site "Vlissingen"]
[Date "2018.08.09"]
[Round "7.32"]
[White "Unander, Matts"]
[Black "Timmermans, Mark"]
[Result "0-1"]
[WhiteElo "2010"]
[BlackElo "2383"]
[PlyCount "66"]
[EventCountry "NED"]

1. Nf3 Nf6 2. g3 d5 3. Bg2 e6 4. O-O Be7 5. d3 b5 6. c4 a6 7. Nbd2 O-O 8. b3
Bb7 9. Bb2 c5 10. Rc1 bxc4 11. bxc4 d4 12. Rb1 Ra7 13. Ba3 Qc7 14. Qb3 Nc6 15.
Qa4 Nd7 16. Rb2 Ba8 17. Rfb1 a5 18. Qd1 Nb4 19. Ra1 f5 20. Rbb1 e5 21. Ne1 Bxg2
22. Nxg2 Qc6 23. Bc1 e4 24. a3 Na6 25. Nf1 Nc7 26. Ra2 Bd6 27. Rab2 Ne6 28. Qb3
a4 29. Qc2 Qa8 30. Nf4 Ng5 31. Nd5 exd3 32. Qxd3 Ne5 33. Qd1 Nh3+ 0-1

[Event "22nd Hogeschool Zeeland Tournament 2018"]
[Site "Vlissingen"]
[Date "2018.08.09"]
[Round "7.33"]
[White "Aronsson, Marten"]
[Black "Kreutzmann, Duke"]
[Result "1-0"]
[WhiteElo "2303"]
[BlackElo "1994"]
[PlyCount "87"]
[EventCountry "NED"]

1. c4 e6 2. Nf3 f5 3. Nc3 Nf6 4. d3 c6 5. e4 fxe4 6. dxe4 Bb4 7. Qb3 Qa5 8. Bd2
d5 9. exd5 cxd5 10. a3 Nc6 11. Rd1 Bxc3 12. Bxc3 Qb6 13. Qxb6 axb6 14. Bxf6
gxf6 15. cxd5 exd5 16. Rxd5 Be6 17. Rd2 Kf7 18. Be2 Rhg8 19. g3 Rge8 20. O-O
Re7 21. Kg2 Na5 22. Nd4 Rd8 23. Bh5+ Kg8 24. Rfd1 Nc4 25. Rc2 Bd5+ 26. Kg1 Ne5
27. Nf5 Red7 28. Rcd2 Be6 29. Rxd7 Rxd7 30. Rxd7 Bxd7 31. Nd6 Kg7 32. Be2 Bc6
33. f4 Nf3+ 34. Bxf3 Bxf3 35. b4 Kf8 36. Kf2 Bd5 37. Ke3 Bc6 38. Kd4 Bg2 39.
Nc8 Kf7 40. Nxb6 Ke6 41. Nc4 Bh1 42. a4 Kf5 43. Ne3+ Ke6 44. Kc5 1-0

[Event "22nd Hogeschool Zeeland Tournament 2018"]
[Site "Vlissingen"]
[Date "2018.08.09"]
[Round "7.34"]
[White "Bezemer, Arno"]
[Black "De Zwart, Johan"]
[Result "1-0"]
[WhiteElo "2295"]
[BlackElo "1982"]
[PlyCount "71"]
[EventCountry "NED"]

1. e4 e5 2. Nf3 Nc6 3. Bb5 a6 4. Ba4 Nf6 5. O-O Nxe4 6. d4 b5 7. Bb3 d5 8. dxe5
Be6 9. Nbd2 Bc5 10. Qe2 Nxd2 11. Bxd2 O-O 12. Rad1 Ne7 13. Be3 Bxe3 14. Qxe3 c6
15. Qc5 Bg4 16. Rd3 Bxf3 17. Rxf3 Qd7 18. c3 Qa7 19. Qb4 Rfe8 20. Bc2 Ng6 21.
Bxg6 hxg6 22. Re1 Re6 23. Rfe3 Rae8 24. Qd4 Qc7 25. b4 g5 26. g3 a5 27. a3 a4
28. R1e2 g6 29. f4 gxf4 30. gxf4 Qd8 31. Rg2 f5 32. Rh3 Kg7 33. Qd3 Rh8 34.
Qxf5 Qb6+ 35. Kh1 Rxh3 36. Qxe6 1-0

[Event "22nd Hogeschool Zeeland Tournament 2018"]
[Site "Vlissingen"]
[Date "2018.08.09"]
[Round "7.35"]
[White "Balla, Tom"]
[Black "Stillger, Bernhard"]
[Result "0-1"]
[WhiteElo "2007"]
[BlackElo "2271"]
[PlyCount "80"]
[EventCountry "NED"]

1. c4 c5 2. Nf3 g6 3. d4 cxd4 4. Nxd4 Nc6 5. e4 Nf6 6. Nc3 Nxd4 7. Qxd4 d6 8.
Be2 Bg7 9. Bg5 O-O 10. Qd2 a5 11. O-O a4 12. Bh6 Bxh6 13. Qxh6 Be6 14. Qe3 Qa5
15. Rac1 Rfc8 16. Nd5 Bxd5 17. exd5 Rc7 18. Rfd1 Qb4 19. Qd4 Rac8 20. Rb1 Kg7
21. g4 Rxc4 22. Bxc4 Rxc4 23. Qe3 Rxg4+ 24. Kh1 Rh4 25. f3 Rh5 26. Rd4 Qc5 27.
Qc3 Qb5 28. Qc4 Qxc4 29. Rxc4 b5 30. Rc7 Nxd5 31. Rb7 b4 32. Ra7 Rf5 33. Kg2
Re5 34. Rxa4 Re2+ 35. Kg1 g5 36. a3 bxa3 37. Rxa3 Nb4 38. Ra4 Nd5 39. b4 Nc3
40. b5 Nxa4 0-1